Dân tộc sán chay ở Việt Nam

Quyển sách là một trong những ấn phẩm của Hội văn nghệ dân gian Việt Nam đã sưu tầm, nghiên cứu về những giá trị văn hóa truyền thống của dân tộc, chủ đề xoay quanh về điều kiện tự nhiên, đời sống kinh tế, tổ chức xã hội và văn h...

Cur síos iomlán

Đã lưu trong:
Sonraí Bibleagrafaíochta
Príomhúdar: Khổng, Diễn
Formáid: Leabhar
Teanga:Undetermined
Foilsithe: Hà Nội Văn hóa dân tộc 2011
Clibeanna: Cuir Clib Leis
Gan Chlibeanna, Bí ar an gcéad duine leis an taifead seo a chlibeáil!
Thư viện lưu trữ: Trung tâm Học liệu Trường Đại học Cần Thơ
LEADER 01070nam a2200181Ia 4500
001 CTU_174124
008 210402s9999 xx 000 0 und d
082 |a 305.895 
082 |b D305 
100 |a Khổng, Diễn 
245 0 |a Dân tộc sán chay ở Việt Nam 
245 0 |c Khổng Diễn, Trần Bình ( đồng chủ biên) ; Đặng Thị Hoa, Đào Huy Khê nghiên cứu, biên soạn 
260 |a Hà Nội 
260 |b Văn hóa dân tộc 
260 |c 2011 
520 |a Quyển sách là một trong những ấn phẩm của Hội văn nghệ dân gian Việt Nam đã sưu tầm, nghiên cứu về những giá trị văn hóa truyền thống của dân tộc, chủ đề xoay quanh về điều kiện tự nhiên, đời sống kinh tế, tổ chức xã hội và văn hóa vật chất, tinh thần của dân tộc Sán Chay. 
904 |i Võ Thị Cẩm Thân 
980 |a Trung tâm Học liệu Trường Đại học Cần Thơ